<?xml version="1.0" encoding="UTF-8"?>
<record
    xmlns:xsi="http://www.w3.org/2001/XMLSchema-instance"
    xsi:schemaLocation="http://www.loc.gov/MARC21/slim http://www.loc.gov/standards/marcxml/schema/MARC21slim.xsd"
    xmlns="http://www.loc.gov/MARC21/slim">

  <leader>01006nam a22002297a 4500</leader>
  <datafield tag="999" ind1=" " ind2=" ">
    <subfield code="c">8786</subfield>
    <subfield code="d">8786</subfield>
  </datafield>
  <controlfield tag="003">AR-CdUCM</controlfield>
  <controlfield tag="008">190326b           ||||| |||| 00| 0 spa d</controlfield>
  <datafield tag="040" ind1=" " ind2=" ">
    <subfield code="a">MUNICIPALIDAD PROVINCIAL DEL CUSCO</subfield>
    <subfield code="c">BIBLIOTECA MUNICIPAL DEL CUSCO</subfield>
  </datafield>
  <datafield tag="082" ind1=" " ind2=" ">
    <subfield code="a">330.8 /</subfield>
    <subfield code="b">SR77</subfield>
  </datafield>
  <datafield tag="100" ind1=" " ind2=" ">
    <subfield code="a">Sraffa, Piero</subfield>
  </datafield>
  <datafield tag="245" ind1=" " ind2=" ">
    <subfield code="a">Producci&#xF3;n de mercanc&#xED;as por medio de mercanc&#xED;as :</subfield>
    <subfield code="b">Preludio a una critica de la teor&#xED;a econ&#xF3;mica /</subfield>
  </datafield>
  <datafield tag="260" ind1=" " ind2=" ">
    <subfield code="a">Espa&#xF1;a :</subfield>
    <subfield code="b">Oikos-tan,</subfield>
  </datafield>
  <datafield tag="300" ind1=" " ind2=" ">
    <subfield code="a">133 paginas ;</subfield>
    <subfield code="b">Formulas, diagramas,</subfield>
    <subfield code="c">21 cm.</subfield>
  </datafield>
  <datafield tag="505" ind1=" " ind2=" ">
    <subfield code="a">Contenido : Producci&#xF3;n de subsistencia -- Producci&#xF3;n con un excedente -- Proporciones entre el trabajo y los medios de producci&#xF3;n -- La mercanc&#xED;a patr&#xF3;n -- Car&#xE1;cter &#xFA;nico del sistema patr&#xF3;n...</subfield>
  </datafield>
  <datafield tag="650" ind1=" " ind2=" ">
    <subfield code="a">Producci&#xF3;n de mercanc&#xED;a</subfield>
    <subfield code="9">24507</subfield>
  </datafield>
  <datafield tag="650" ind1=" " ind2=" ">
    <subfield code="a">Industrias de productos </subfield>
    <subfield code="9">24508</subfield>
  </datafield>
  <datafield tag="650" ind1=" " ind2=" ">
    <subfield code="a">Productos conjuntos</subfield>
    <subfield code="9">24509</subfield>
  </datafield>
  <datafield tag="942" ind1=" " ind2=" ">
    <subfield code="2">ddc</subfield>
    <subfield code="c">LIBROS</subfield>
  </datafield>
  <datafield tag="945" ind1=" " ind2=" ">
    <subfield code="a">wnts</subfield>
  </datafield>
  <datafield tag="952" ind1=" " ind2=" ">
    <subfield code="0">0</subfield>
    <subfield code="2">ddc</subfield>
    <subfield code="4">0</subfield>
    <subfield code="7">0</subfield>
    <subfield code="a">SH</subfield>
    <subfield code="b">SH</subfield>
    <subfield code="c">CART</subfield>
    <subfield code="d">2019-03-26</subfield>
    <subfield code="g">25.00</subfield>
    <subfield code="o">330.8 / SR77</subfield>
    <subfield code="p">SH0000009672</subfield>
    <subfield code="r">2019-03-26</subfield>
    <subfield code="y">LIBROS</subfield>
  </datafield>
</record>
